[Event "Women's Speed Chess GP2"]
[Site "chess.com INT"]
[Date "2020.07.03"]
[Round "3.7"]
[White "Lagno, Kateryna"]
[Black "Gunina, Valentina"]
[Result "1-0"]
[WhiteTitle "GM"]
[BlackTitle "GM"]
[WhiteElo "2546"]
[BlackElo "2431"]
[WhiteFideId "14109336"]
[BlackFideId "4167570"]
[EventDate "2020.07.01"]
[EventType "k.o. blitz"]

1. e4 c6 2. Nf3 d5 3. Nc3 Bg4 4. h3 Bxf3 5. Qxf3 Nf6 6. g3 e6 7. Bg2 Bc5 8. O-O
Nbd7 9. Rd1 Bd4 10. d3 Bxc3 11. bxc3 Qa5 12. exd5 cxd5 13. c4 dxc4 14. dxc4 O-O
15. Qxb7 Rab8 16. Qf3 Ne5 17. Qe2 Rbc8 18. Bd2 Qc5 19. Be3 Qxc4 20. Qxc4 Nxc4
21. Bxa7 Rc7 22. Bd4 Nd7 23. a4 e5 24. Bc3 Nc5 25. Bb4 Rfc8 26. a5 Na6 27. Be1
Kf8 28. Rdb1 f5 29. Bb7 Rxb7 30. Rxb7 e4 31. Ra7 Rc6 32. Rd1 Ke8 33. Rdd7 Nd6
34. Rxg7 Kf8 35. Rxh7 Kg8 36. Rhd7 1-0

[Event "Women's Speed Chess GP2"]
[Site "chess.com INT"]
[Date "2020.07.03"]
[Round "3.8"]
[White "Gunina, Valentina"]
[Black "Lagno, Kateryna"]
[Result "0-1"]
[WhiteTitle "GM"]
[BlackTitle "GM"]
[WhiteElo "2431"]
[BlackElo "2546"]
[WhiteFideId "4167570"]
[BlackFideId "14109336"]
[EventDate "2020.07.01"]
[EventType "k.o. blitz"]

1. d4 Nf6 2. c4 g6 3. Nc3 d5 4. cxd5 Nxd5 5. Bd2 Bg7 6. e4 Nxc3 7. Bxc3 O-O 8.
Qd2 Nc6 9. d5 Ne5 10. f4 Ng4 11. Nf3 c6 12. Bxg7 Kxg7 13. Rd1 Qb6 14. dxc6 Ne3
15. Qc3+ Kg8 16. Rd4 Nxf1 17. c7 Be6 18. Rxf1 Rac8 19. Rb4 Qxc7 20. Qxc7 Rxc7
21. Nd4 Bxa2 22. Kf2 Be6 23. Ra1 a6 24. Rb6 Rd8 25. Ke3 Rd6 26. Rxd6 exd6 27. f5
gxf5 28. exf5 Bd5 29. f6 Be6 30. Rf1 h5 31. Rf3 Rc5 32. Rg3+ Kf8 33. Rg7 Re5+
34. Kf4 a5 35. Rh7 Ke8 36. Rh8+ Kd7 37. Rb8 Kc7 38. Re8 Bd5 39. Rxe5 dxe5+ 40.
Kxe5 Bxg2 41. Ne6+ Kd7 42. Nf4 Bf3 43. Nd3 b5 44. Kf4 Bd1 45. Ke5 Bc2 46. Nc5+
Kc6 47. Kd4 h4 0-1

[Event "Women's Speed Chess GP2"]
[Site "chess.com INT"]
[Date "2020.07.03"]
[Round "3.9"]
[White "Lagno, Kateryna"]
[Black "Gunina, Valentina"]
[Result "1/2-1/2"]
[WhiteTitle "GM"]
[BlackTitle "GM"]
[WhiteElo "2546"]
[BlackElo "2431"]
[WhiteFideId "14109336"]
[BlackFideId "4167570"]
[EventDate "2020.07.01"]
[EventType "k.o. blitz"]

1. e4 c6 2. Nf3 d5 3. Nc3 Bg4 4. h3 Bxf3 5. Qxf3 Nf6 6. g3 e6 7. Bg2 Bc5 8. O-O
O-O 9. Rd1 Bd4 10. d3 Nbd7 11. Ne2 Bb6 12. g4 dxe4 13. Qg3 Bc7 14. Bf4 e5 15.
Bg5 exd3 16. Rxd3 Qe7 17. Qh4 h6 18. Rxd7 Qxd7 19. Bxf6 gxf6 20. Qxh6 Qe6 21.
Qh5 f5 22. gxf5 Qf6 23. Ng3 Qh8 24. Qf3 Rfd8 25. Re1 Rd4 26. c3 Rf4 27. Qe2 Rd8
28. Rd1 Rxd1+ 29. Qxd1 Bb6 30. Ne4 Qh4 31. Qe2 Rxf5 32. b4 Rf4 33. a4 Kg7 34. a5
Bd8 35. Ng3 Kg6 36. Be4+ f5 37. Bg2 Bf6 38. Qa2 Rc4 39. Bf1 Rxc3 40. Qg8+ Bg7
41. Qe8+ Kh7 42. Nxf5 Qg5+ 43. Ng3 Rxg3+ 44. fxg3 Qxg3+ 45. Bg2 Qe3+ 46. Kh1 Qf4
47. Qh5+ Kg8 48. Qe8+ Qf8 49. Qe6+ Qf7 50. Qc8+ Kh7 51. Be4+ Kh6 52. Qg4 Qf1+
53. Kh2 Qf4+ 54. Qxf4+ exf4 55. a6 bxa6 56. Bxc6 Bf8 57. Bb7 Bxb4 58. Bxa6 Kg5
59. Kg2 Bd6 60. Kf3 Kh4 61. Bc8 a5 62. Bd7 Be5 63. Ke4 Bd6 64. Kf3 Kg5 65. Ke4
Kf6 66. Kd5 Bc7 67. Ke4 Ke7 68. Ba4 Kd6 69. Kxf4 Kc5+ 70. Ke4 Kb4 71. Bd1 a4 72.
Bxa4 Kxa4 73. Kf5 Bg3 74. h4 Bxh4 1/2-1/2

[Event "Women's Speed Chess GP2"]
[Site "chess.com INT"]
[Date "2020.07.03"]
[Round "3.10"]
[White "Gunina, Valentina"]
[Black "Lagno, Kateryna"]
[Result "1-0"]
[WhiteTitle "GM"]
[BlackTitle "GM"]
[WhiteElo "2431"]
[BlackElo "2546"]
[WhiteFideId "4167570"]
[BlackFideId "14109336"]
[EventDate "2020.07.01"]
[EventType "k.o. blitz"]

1. d4 Nf6 2. c4 g6 3. Nf3 Bg7 4. g3 c6 5. Bg2 d5 6. O-O O-O 7. cxd5 cxd5 8. Ne5
Ng4 9. Bf4 Nc6 10. Nxc6 bxc6 11. Nc3 e5 12. dxe5 Nxe5 13. Qa4 Nc4 14. Qxc6 Be6
15. Nxd5 Rc8 16. Qb7 Bxd5 17. Qxd5 Nxb2 18. Rac1 Na4 19. Qxd8 Rfxd8 20. Bh3 Rxc1
21. Rxc1 Nc3 22. Rc2 Rd1+ 23. Kg2 Ra1 24. Rd2 h6 25. Rd8+ Kh7 26. Rd7 Nxe2 27.
Be3 Kg8 28. Bg4 Nc3 29. Rxa7 Rxa2 30. Rxa2 Nxa2 31. Be2 Nc3 32. Bc4 Ne4 33. Kf3
Nd6 34. Bd5 Nf5 35. Bf4 Bf8 36. Ba2 Bd6 37. Bd2 Kg7 38. Bc3+ Kg8 39. Ke4 h5 40.
h3 Bc5 41. g4 hxg4 42. hxg4 Ne7 43. f3 Bd6 44. Bf6 Bc5 45. Be5 Bb4 46. Bb3 Bc5
47. Ba4 Bb4 48. Kd4 Ba3 49. Kc4 Kf8 50. Bd7 Kg8 51. f4 Kf8 52. Bf6 Ng8 53. Bd4
Bd6 54. f5 gxf5 55. gxf5 Ke7 56. Bc6 Nf6 57. Bf2 Ng4 58. Bh4+ f6 59. Kd5 Ne3+
60. Ke4 Ng4 61. Bd5 Bc5 62. Be6 Bd6 63. Kf3 Ne5+ 64. Ke3 Ng4+ 65. Ke4 Ne5 66.
Be1 Ba3 67. Bc3 Ng4 68. Ba5 Ne5 69. Kd5 Ng4 70. Kc6 Ne5+ 71. Kb7 Bd6 72. Kc8 Nc6
73. Bb6 Be5 74. Bd7 Kd6 75. Bc7+ Kc5 76. Bxc6 Kxc6 77. Bxe5 fxe5 78. Kd8 Kd6 79.
Ke8 e4 80. f6 e3 81. f7 e2 82. f8=Q+ Kd5 83. Qe7 1-0

[Event "Women's Speed Chess GP2"]
[Site "chess.com INT"]
[Date "2020.07.03"]
[Round "3.11"]
[White "Lagno, Kateryna"]
[Black "Gunina, Valentina"]
[Result "0-1"]
[WhiteTitle "GM"]
[BlackTitle "GM"]
[WhiteElo "2546"]
[BlackElo "2431"]
[WhiteFideId "14109336"]
[BlackFideId "4167570"]
[EventDate "2020.07.01"]
[EventType "k.o. blitz"]

1. e4 c6 2. Nc3 d5 3. Nf3 Bg4 4. h3 Bxf3 5. Qxf3 Nf6 6. g3 e6 7. Bg2 Bc5 8. O-O
Nbd7 9. Rd1 Bd4 10. d3 O-O 11. Ne2 dxe4 12. dxe4 Ne5 13. Qf4 Bxf2+ 14. Kxf2 Qxd1
15. Qxe5 Rad8 16. Qc3 e5 17. b3 Qd6 18. Bb2 Rfe8 19. Qe3 Qb4 20. Bc3 Qb5 21. a4
Qa6 22. g4 b6 23. Kg1 c5 24. Rf1 Qc8 25. Ng3 Qe6 26. g5 Nd7 27. Kh2 Nf8 28. h4
Ng6 29. Bh3 Qd6 30. Nf5 Qc6 31. h5 Nf4 32. Bg4 Qc7 33. Nxg7 Re7 34. Nf5 Red7 35.
Nh6+ Kf8 36. Bxd7 Rxd7 37. Ng4 Re7 38. Nxe5 Ne6 39. Qg3 Ke8 40. Ng4 Qxg3+ 41.
Kxg3 Nxg5 42. Nf6+ Kd8 43. Rd1+ Kc8 44. e5 c4 45. b4 Re6 46. Kg4 h6 47. Kf5 Nf3
48. Rf1 Ng5 49. Rf4 Nh3 50. Rxc4+ Kd8 51. Bd4 Ng5 52. Be3 Nf3 53. Re4 Ke7 54.
Bxh6 Rc6 55. c4 Rc8 56. Nd5+ Kd7 57. e6+ fxe6+ 58. Kg4 Ng1 59. Rf4 exd5 60. cxd5
Ne2 61. Rf7+ Kd6 62. Rxa7 Kxd5 63. Bg5 Rc4+ 64. Kf5 Ng3+ 65. Kg6 Rc6+ 66. Kg7
Nxh5+ 67. Kf7 Kc4 68. b5 Rc5 69. Bd8 Rf5+ 70. Ke6 Rd5 71. Bxb6 Nf4+ 0-1

[Event "Women's Speed Chess GP2"]
[Site "chess.com INT"]
[Date "2020.07.05"]
[Round "4.1"]
[White "Gunina, Valentina"]
[Black "Ushenina, Anna"]
[Result "1-0"]
[WhiteTitle "GM"]
[BlackTitle "GM"]
[WhiteElo "2431"]
[BlackElo "2416"]
[WhiteFideId "4167570"]
[BlackFideId "14110911"]
[EventDate "2020.07.01"]
[EventType "k.o. blitz"]

1. Nf3 d5 2. c4 dxc4 3. e3 Nf6 4. Bxc4 e6 5. b3 c5 6. Bb2 Be7 7. O-O O-O 8. Qe2
Nc6 9. Rd1 Bd7 10. Nc3 a6 11. Rac1 b5 12. Bd3 Qb6 13. Bb1 Rfd8 14. h3 Rac8 15.
Ng5 Be8 16. Nce4 Nxe4 17. Nxe4 f5 18. Ng3 Nb4 19. d4 Nd5 20. e4 fxe4 21. Nxe4 c4
22. Nc5 Bf7 23. bxc4 bxc4 24. Rxc4 Nf4 25. Qe4 Ng6 26. Ba3 e5 27. Rcc1 exd4 28.
Rxd4 Re8 29. Qf5 Rc6 30. Rdd1 Rec8 31. Na4 Rxc1 32. Bxc1 Qc6 33. Be4 Be6 34.
Bxc6 Bxf5 35. Bd5+ Kf8 36. Nb6 Rd8 37. Be3 Ne5 38. Rc1 Nd7 39. Nxd7+ Rxd7 40.
Bc4 a5 41. Bb5 Rd8 42. a4 Bb4 43. Bc5+ Bxc5 44. Rxc5 Be4 45. Rc7 Rd1+ 46. Kh2
Rd2 47. Kg3 Bc2 48. Ra7 Rd4 49. Rxa5 Ke7 50. Ra7+ Kf6 51. f3 Rb4 52. Ra6+ Ke7
53. Bc6 Rb2 54. Bd5 Bd3 55. Ra7+ Kf6 56. Rf7+ Kg6 57. Rd7 Bf1 58. f4 Rd2 59.
Be4+ 1-0

[Event "Women's Speed Chess GP2"]
[Site "chess.com INT"]
[Date "2020.07.05"]
[Round "4.2"]
[White "Ushenina, Anna"]
[Black "Gunina, Valentina"]
[Result "1-0"]
[WhiteTitle "GM"]
[BlackTitle "GM"]
[WhiteElo "2416"]
[BlackElo "2431"]
[WhiteFideId "14110911"]
[BlackFideId "4167570"]
[EventDate "2020.07.01"]
[EventType "k.o. blitz"]

1. d4 Nf6 2. Nf3 e6 3. Bf4 c5 4. e3 Qb6 5. b3 Nd5 6. Bg3 cxd4 7. Nxd4 Bb4+ 8.
Nd2 Bc3 9. Nb5 O-O 10. Nxc3 Nxc3 11. Qh5 Nc6 12. Bd3 f5 13. O-O d5 14. Nf3 Bd7
15. Ne5 Nxe5 16. Bxe5 Rac8 17. g4 Be8 18. Qg5 Bg6 19. h4 Qd8 20. Qxd8 Rfxd8 21.
h5 Bf7 22. gxf5 exf5 23. Bxf5 Rc6 24. h6 Ne2+ 25. Kg2 Rxh6 26. Rh1 Bh5 27. Bd3
Rf8 28. f4 Rc8 29. Rxh5 Rxh5 30. Bxe2 Rxc2 31. Re1 Rxa2 32. Kg3 Rh6 33. f5 Rb6
34. Bf3 Rd2 35. Bd4 Rd6 36. Kf4 Kf7 37. Ke5 Rd7 38. Bxd5+ Ke8 39. Rc1 Kd8 40. e4
Rc7 41. Rh1 h6 42. Bxa7 Re7+ 43. Be6 Ra2 44. Bb6+ Ke8 45. Rc1 Ra8 46. b4 h5 47.
Rh1 Ra6 48. Bc5 g6 49. Bxe7 1-0

[Event "Women's Speed Chess GP2"]
[Site "chess.com INT"]
[Date "2020.07.05"]
[Round "4.3"]
[White "Gunina, Valentina"]
[Black "Ushenina, Anna"]
[Result "0-1"]
[WhiteTitle "GM"]
[BlackTitle "GM"]
[WhiteElo "2431"]
[BlackElo "2416"]
[WhiteFideId "4167570"]
[BlackFideId "14110911"]
[EventDate "2020.07.01"]
[EventType "k.o. blitz"]

1. Nf3 d5 2. c4 e6 3. d4 dxc4 4. g3 c5 5. Bg2 Nc6 6. O-O cxd4 7. Qa4 Nf6 8. Qxc4
Be7 9. Bf4 O-O 10. Rd1 Nd5 11. Be5 Bd7 12. Bxd4 Rc8 13. Qb3 Na5 14. Qd3 Nb4 15.
Qd2 Nc4 16. Qc1 Na3 17. Nc3 Nac2 18. Rb1 Nxd4 19. Nxd4 Nxa2 20. Qe3 Nxc3 21.
bxc3 Bc5 22. Bxb7 Rc7 23. Be4 Ba4 24. Rd2 Qf6 25. Qd3 g6 26. Qa6 Bd7 27. Rbd1
Bb6 28. c4 Rfc8 29. Nf3 Bc6 30. Bxc6 Rxc6 31. Qb7 g5 32. h3 R6c7 33. Qa6 Rxc4
34. Rd7 R4c7 35. Rxc7 Rxc7 36. Qb5 Kg7 37. Kg2 h6 38. Rd3 Bc5 39. e3 Bb6 40. Rd2
Qe7 41. Qb2+ Qf6 42. Ne5 Rc5 43. f4 Bc7 44. Nd7 Qxb2 45. Rxb2 Rc3 46. Kf3 a5 47.
Ra2 f6 48. Ke4 Kf7 49. Kd4 Rc1 50. Rb2 Ke7 51. Nb6 Bxb6+ 52. Rxb6 a4 53. Ra6 Ra1
54. Ke4 Rh1 55. g4 Rxh3 56. Rxa4 Kf7 57. Ra6 Rg3 58. fxg5 hxg5 59. Kd3 Rxg4 60.
Ra7+ Kg6 61. Ra6 e5 62. Ra8 Kf5 63. Ke2 Rb4 64. Kf3 g4+ 65. Kg3 Rb3 66. Kf2 g3+
67. Kxg3 Rxe3+ 68. Kf2 Re4 69. Kf3 Rf4+ 70. Ke3 Rb4 71. Ra1 Rb3+ 72. Ke2 Kf4 73.
Rf1+ Kg5 74. Rg1+ Kf5 75. Rf1+ Ke6 76. Kd2 f5 77. Ra1 Rg3 78. Ra6+ Kd5 79. Ra5+
Ke4 80. Ra4+ Kf3 81. Ra5 Kf4 82. Ra4+ e4 83. Ra8 Rg2+ 84. Kc3 Kf3 85. Rf8 f4 86.
Rh8 e3 87. Kd3 Rd2+ 0-1

[Event "Women's Speed Chess GP2"]
[Site "chess.com INT"]
[Date "2020.07.05"]
[Round "4.4"]
[White "Ushenina, Anna"]
[Black "Gunina, Valentina"]
[Result "1/2-1/2"]
[WhiteTitle "GM"]
[BlackTitle "GM"]
[WhiteElo "2416"]
[BlackElo "2431"]
[WhiteFideId "14110911"]
[BlackFideId "4167570"]
[EventDate "2020.07.01"]
[EventType "k.o. blitz"]

1. d4 Nf6 2. Nf3 e6 3. Bf4 c5 4. c3 Nc6 5. e3 Nh5 6. Bg5 Qb6 7. Qb3 h6 8. Bh4 g5
9. Bg3 Nxg3 10. hxg3 Bg7 11. Nbd2 Qxb3 12. axb3 cxd4 13. exd4 b6 14. b4 Bb7 15.
Ba6 O-O-O 16. O-O g4 17. Ne1 h5 18. Nd3 h4 19. Bxb7+ Kxb7 20. gxh4 Rxh4 21. g3
Rh5 22. Kg2 Bh6 23. Nc4 d5 24. Nce5 Nxe5 25. Nxe5 Bg7 26. Nxg4 Rg5 27. Nh2 Rf5
28. b5 e5 29. dxe5 Bxe5 30. Nf3 Bf6 31. Ra4 d4 32. Rfa1 Rxb5 33. Rxa7+ Kc6 34.
Rxf7 Bh8 35. cxd4 Rxb2 36. Rc1+ Kb5 37. Rf5+ Kb4 38. Rc6 b5 39. Rb6 Ka4 40. Rb7
b4 41. Ra7+ Kb3 42. d5 Bc3 43. Ne5 Re2 44. Nc6 Rd6 45. Na5+ Kc2 46. Nc4 Rd8 47.
Rb7 b3 48. Ne3+ Kb2 49. Nc4+ Kc2 50. Ne3+ Kb2 51. Nc4+ Kc2 1/2-1/2

[Event "Women's Speed Chess GP2"]
[Site "chess.com INT"]
[Date "2020.07.05"]
[Round "4.5"]
[White "Gunina, Valentina"]
[Black "Ushenina, Anna"]
[Result "1-0"]
[WhiteTitle "GM"]
[BlackTitle "GM"]
[WhiteElo "2431"]
[BlackElo "2416"]
[WhiteFideId "4167570"]
[BlackFideId "14110911"]
[EventDate "2020.07.01"]
[EventType "k.o. blitz"]

1. d4 d5 2. Nf3 Nf6 3. c4 dxc4 4. Nc3 a6 5. e4 b5 6. a4 b4 7. e5 bxc3 8. exf6
cxb2 9. fxg7 Bxg7 10. Bxb2 Qd6 11. Ba3 Qd5 12. Qc2 Bf5 13. Qxc4 Be4 14. Qxd5
Bxd5 15. Rc1 Nc6 16. Be2 O-O 17. O-O Rfd8 18. Bc5 a5 19. Rfd1 Rab8 20. Ne5 Nxe5
21. dxe5 e6 22. f4 Bb3 23. Rxd8+ Rxd8 24. Bb5 Rd2 25. Be3 Ra2 26. Rxc7 Bf8 27.
Be8 Bd5 28. Bxf7+ Kh8 29. g4 Rg2+ 30. Kf1 Rxh2 31. f5 Be4 32. fxe6 1-0

[Event "Women's Speed Chess GP2"]
[Site "chess.com INT"]
[Date "2020.07.05"]
[Round "4.6"]
[White "Ushenina, Anna"]
[Black "Gunina, Valentina"]
[Result "1-0"]
[WhiteTitle "GM"]
[BlackTitle "GM"]
[WhiteElo "2416"]
[BlackElo "2431"]
[WhiteFideId "14110911"]
[BlackFideId "4167570"]
[EventDate "2020.07.01"]
[EventType "k.o. blitz"]

1. d4 Nf6 2. Nf3 e6 3. Bf4 c5 4. e3 Qb6 5. Nc3 a6 6. a3 d5 7. dxc5 Qxc5 8. Bd3
Be7 9. O-O O-O 10. e4 Nc6 11. exd5 exd5 12. h3 d4 13. Ne4 Nxe4 14. Bxe4 Rd8 15.
Qd3 h6 16. Rfe1 Be6 17. Ne5 Bf6 18. Nxc6 bxc6 19. b4 Qb6 20. Rad1 Rac8 21. Qg3
Kh8 22. Qf3 Be7 23. Qh5 Bf8 24. Be5 Kg8 25. Rd3 Qb5 26. Rg3 f6 27. Bd3 Qd5 28.
Qxh6 fxe5 29. Qh5 e4 30. Rg5 exd3 31. Rxd5 Bxd5 32. cxd3 Rd6 33. Qg4 Rcd8 34.
Qf5 Rf6 35. Qe5 Bf7 36. Qa5 c5 37. Qxd8 cxb4 38. axb4 Rf5 39. Qxd4 Rb5 40. Rb1
a5 41. Qa7 axb4 42. Qa4 Rb7 43. Qa6 Rd7 44. Qb5 Rd4 45. Ra1 Rd8 46. Ra7 Bg6 47.
Qc4+ Kh7 48. Qh4+ Kg8 49. Qxd8 1-0

[Event "Women's Speed Chess GP2"]
[Site "chess.com INT"]
[Date "2020.07.05"]
[Round "4.7"]
[White "Gunina, Valentina"]
[Black "Ushenina, Anna"]
[Result "1-0"]
[WhiteTitle "GM"]
[BlackTitle "GM"]
[WhiteElo "2431"]
[BlackElo "2416"]
[WhiteFideId "4167570"]
[BlackFideId "14110911"]
[EventDate "2020.07.01"]
[EventType "k.o. blitz"]

1. d4 d5 2. Nf3 Nf6 3. c4 dxc4 4. e3 e6 5. Bxc4 c5 6. O-O cxd4 7. exd4 Be7 8.
Qe2 O-O 9. Rd1 a6 10. a4 Nc6 11. Nc3 Nb4 12. Ne5 b6 13. Bg5 Bb7 14. Rac1 Nfd5
15. Bd2 Bg5 16. Bxg5 Qxg5 17. Ne4 Qxg2+ 18. Kxg2 Nf4+ 19. Kf3 Nxe2 20. Bxe2 f5
21. Kg3 fxe4 22. Bg4 Bd5 23. Nd7 Rfe8 24. Nxb6 Rab8 25. Nd7 Rbd8 26. Nc5 Rd6 27.
Rc3 Rb8 28. Rd2 a5 29. Re2 Nd3 30. Nxe4 Bxe4 31. Rxe4 Nxb2 32. Bxe6+ Kh8 33. d5
g6 34. Rc7 Nd3 35. Rh4 h5 36. Re4 Nb4 37. Re5 Rf8 38. Rg5 Rf6 39. f4 Nd3 40. f5
Ne5 41. fxg6 Nxg6 42. Rxh5# 1-0

[Event "Women's Speed Chess GP2"]
[Site "chess.com INT"]
[Date "2020.07.05"]
[Round "4.8"]
[White "Ushenina, Anna"]
[Black "Gunina, Valentina"]
[Result "0-1"]
[WhiteTitle "GM"]
[BlackTitle "GM"]
[WhiteElo "2416"]
[BlackElo "2431"]
[WhiteFideId "14110911"]
[BlackFideId "4167570"]
[EventDate "2020.07.01"]
[EventType "k.o. blitz"]

1. d4 Nf6 2. Nf3 d5 3. Bf4 c5 4. e3 Nc6 5. Nbd2 e6 6. c3 Bd6 7. Bg3 O-O 8. Bd3
b6 9. e4 dxe4 10. Nxe4 Nxe4 11. Bxe4 Bb7 12. dxc5 Bxc5 13. Qe2 h6 14. O-O Qc8
15. Bc2 Ba6 16. c4 Ne7 17. b3 Bb7 18. Rad1 Qc6 19. Be5 Nf5 20. Bxf5 exf5 21. Qb2
Qg6 22. Qc3 Rfe8 23. Bg3 Be4 24. Rd7 f4 25. Ne5 Qf6 26. Rxf7 Qxe5 27. Qxe5 Rxe5
28. Rxf4 Re6 29. Rd1 Rae8 30. h4 Bg6 31. Kh2 Re4 32. Rxe4 Rxe4 33. Rd7 Re7 34.
Rd8+ Kh7 35. a4 Bc2 36. Ra8 Bxb3 37. Bb8 a5 38. Be5 Rxe5 0-1

[Event "Women's Speed Chess GP2"]
[Site "chess.com INT"]
[Date "2020.07.05"]
[Round "4.9"]
[White "Gunina, Valentina"]
[Black "Ushenina, Anna"]
[Result "1/2-1/2"]
[WhiteTitle "GM"]
[BlackTitle "GM"]
[WhiteElo "2431"]
[BlackElo "2416"]
[WhiteFideId "4167570"]
[BlackFideId "14110911"]
[EventDate "2020.07.01"]
[EventType "k.o. blitz"]

1. e4 c6 2. Nf3 d5 3. d3 dxe4 4. dxe4 Qxd1+ 5. Kxd1 Bg4 6. Be3 Nf6 7. Nd2 Nfd7
8. Be2 e5 9. c3 f6 10. Kc2 Bc5 11. Bxc5 Nxc5 12. b4 Ne6 13. Nc4 Ke7 14. Ne3 Bxf3
15. Nf5+ Kf7 16. Bxf3 b5 17. Rhd1 g6 18. Nd6+ Ke7 19. Nb7 Nd7 20. Rd2 Rab8 21.
Na5 Rhc8 22. Rad1 Nb6 23. Rd6 Nd4+ 24. cxd4 Kxd6 25. dxe5+ Kxe5 26. Bg4 f5 27.
exf5 gxf5 28. Bf3 Nd5 29. Kb3 Ne7 30. g3 Rd8 31. Re1+ Kf6 32. Kc2 Rbc8 33. Nb3
Ng6 34. Nc5 Ne5 35. Bh5 Rd6 36. Nb7 Re6 37. Nc5 Re7 38. Rd1 Nc4 39. Rd4 a5 40.
bxa5 Nxa5 41. Rd6+ Ke5 42. Rh6 Kd5 43. Nd3 Kc4 44. Bf3 Rd8 45. Rh4+ Rd4 46. Nb2+
Kc5 47. Nd3+ Kc4 48. Nb2+ Kc5 49. Nd3+ Kc4 1/2-1/2

[Event "Women's Speed Chess GP2"]
[Site "chess.com INT"]
[Date "2020.07.05"]
[Round "4.10"]
[White "Ushenina, Anna"]
[Black "Gunina, Valentina"]
[Result "0-1"]
[WhiteTitle "GM"]
[BlackTitle "GM"]
[WhiteElo "2416"]
[BlackElo "2431"]
[WhiteFideId "14110911"]
[BlackFideId "4167570"]
[EventDate "2020.07.01"]
[EventType "k.o. blitz"]

1. d4 Nf6 2. Nf3 e6 3. Bf4 b6 4. e3 Bb7 5. Nbd2 Be7 6. h3 O-O 7. Bd3 c5 8. c3 d5
9. O-O Bd6 10. Ne5 Nc6 11. Bh2 Qc7 12. f4 Ne7 13. Qf3 Nf5 14. g4 Ne7 15. Bg3 Nd7
16. Bh4 f6 17. Nxd7 Qxd7 18. Qe2 e5 19. fxe5 fxe5 20. Rxf8+ Rxf8 21. Rf1 Rxf1+
22. Qxf1 e4 23. Be2 Ng6 24. Bf2 Qa4 25. a3 Qc2 26. Qd1 Qxb2 27. dxc5 Bxc5 28.
Nxe4 dxe4 29. Qd8+ Nf8 30. Bc4+ Kh8 31. Qd7 Nxd7 0-1

[Event "Women's Speed Chess GP2"]
[Site "chess.com INT"]
[Date "2020.07.05"]
[Round "4.11"]
[White "Gunina, Valentina"]
[Black "Ushenina, Anna"]
[Result "1-0"]
[WhiteTitle "GM"]
[BlackTitle "GM"]
[WhiteElo "2431"]
[BlackElo "2416"]
[WhiteFideId "4167570"]
[BlackFideId "14110911"]
[EventDate "2020.07.01"]
[EventType "k.o. blitz"]

1. d4 d5 2. c4 dxc4 3. Nf3 Nf6 4. e3 e6 5. Bxc4 c5 6. O-O cxd4 7. exd4 Be7 8.
Nc3 O-O 9. Bg5 a6 10. Qe2 b5 11. Bd3 Bb7 12. Rad1 Nbd7 13. Bb1 Nd5 14. Bxe7 Qxe7
15. Rfe1 Nxc3 16. bxc3 Nf6 17. Ne5 Qc7 18. Rc1 Rfd8 19. Qd3 g6 20. Qh3 Bd5 21.
Qh6 Rac8 22. h3 Qa5 23. Re3 Qa3 24. Rg3 Qf8 25. Qg5 Ne4 26. Bxe4 Bxe4 27. Ng4
Ba8 28. Qe5 Qg7 29. Nf6+ Kh8 30. Rg4 h5 31. Rh4 Qh6 32. Nxh5+ Kg8 33. Nf6+ Kg7
34. Rxh6 Kxh6 35. Ng4+ Kh7 36. Qf4 1-0

[Event "Women's Speed Chess GP2"]
[Site "chess.com INT"]
[Date "2020.07.05"]
[Round "4.12"]
[White "Ushenina, Anna"]
[Black "Gunina, Valentina"]
[Result "1-0"]
[WhiteTitle "GM"]
[BlackTitle "GM"]
[WhiteElo "2416"]
[BlackElo "2431"]
[WhiteFideId "14110911"]
[BlackFideId "4167570"]
[EventDate "2020.07.01"]
[EventType "k.o. blitz"]

1. d4 d5 2. Nf3 Nf6 3. Bf4 c6 4. e3 Bg4 5. c4 Bxf3 6. gxf3 e6 7. Qb3 Qb6 8. c5
Qa5+ 9. Nc3 b5 10. a4 Nbd7 11. Bd3 b4 12. Ne2 e5 13. Bg3 Be7 14. O-O exd4 15.
exd4 O-O 16. Kh1 Rfe8 17. Rg1 Nf8 18. Qc2 Qd8 19. a5 Nh5 20. Be5 Bf6 21. f4 Bxe5
22. fxe5 Qh4 23. f3 f6 24. Rg4 Qh3 25. Ng1 Ng3+ 26. Rxg3 Qh5 27. f4 fxe5 28.
fxe5 Ne6 29. Ne2 Rf8 30. Rag1 Rf2 31. R3g2 Qf3 32. Bxh7+ Kh8 33. Qd3 Qxe2 34.
Qxe2 Rxe2 35. Rxe2 Kxh7 36. Rg4 Rf8 37. Kg1 Rf3 38. Rf2 Rd3 39. Rf7 Kh6 40. Rxa7
Rd2 41. a6 Ng5 42. Rxg5 Kxg5 43. Rxg7+ Kf5 44. a7 Rd1+ 45. Kf2 Ra1 46. h4 Ra2
47. Ke3 Ra1 48. h5 Re1+ 49. Kd2 Ra1 50. h6 1-0

[Event "Women's Speed Chess GP2"]
[Site "chess.com INT"]
[Date "2020.07.05"]
[Round "4.1"]
[White "Lagno, Kateryna"]
[Black "Khademalsharieh, Sarasadat"]
[Result "1-0"]
[WhiteTitle "GM"]
[BlackTitle "IM"]
[WhiteElo "2546"]
[BlackElo "2494"]
[WhiteFideId "14109336"]
[BlackFideId "12512214"]
[EventDate "2020.07.01"]
[EventType "k.o. blitz"]

1. e4 e5 2. Nf3 Nc6 3. Bb5 a6 4. Ba4 Nf6 5. O-O b5 6. Bb3 Bc5 7. a4 Rb8 8. axb5
axb5 9. Nxe5 Nxe5 10. d4 Bxd4 11. Qxd4 d6 12. f4 Ng6 13. e5 dxe5 14. Qxd8+ Kxd8
15. fxe5 Nxe5 16. Bg5 Nd7 17. Bxf7 Rf8 18. Bb3 Nc5 19. Nd2 Be6 20. Bxe6 Nxe6 21.
Bh4 g5 22. Bg3 Nh5 23. Be5 Nhf4 24. Ne4 h6 25. g3 Ng6 26. Rxf8+ Ngxf8 27. Rf1
Nd7 28. Bf6+ Kc8 29. Kg2 Rb6 30. Be7 Rc6 31. c3 Nec5 32. Nxc5 Nxc5 33. Rf6 Rxf6
34. Bxf6 Na4 35. b4 g4 36. Kf2 Kd7 37. Ke3 Ke6 38. Bg7 Kd5 39. Kf4 Kc4 40. Kxg4
Nxc3 41. Bxh6 Nd5 42. Bg7 Nxb4 43. h4 Nd5 44. h5 Ne7 45. h6 b4 46. h7 Ng6 47.
Kg5 1-0

[Event "Women's Speed Chess GP2"]
[Site "chess.com INT"]
[Date "2020.07.05"]
[Round "4.2"]
[White "Khademalsharieh, Sarasadat"]
[Black "Lagno, Kateryna"]
[Result "0-1"]
[WhiteTitle "IM"]
[BlackTitle "GM"]
[WhiteElo "2494"]
[BlackElo "2546"]
[WhiteFideId "12512214"]
[BlackFideId "14109336"]
[EventDate "2020.07.01"]
[EventType "k.o. blitz"]

1. d4 Nf6 2. c4 g6 3. g3 Bg7 4. Bg2 O-O 5. Nc3 Nc6 6. e3 e5 7. d5 Na5 8. b3 d6
9. Nge2 h5 10. e4 h4 11. Be3 Ng4 12. Bd2 h3 13. Bf3 f5 14. Nc1 b6 15. Nd3 Nb7
16. Be2 Nc5 17. Nxc5 bxc5 18. f3 Nf6 19. Qc2 fxe4 20. Nxe4 Bf5 21. Bd3 a5 22.
O-O Qd7 23. Rae1 a4 24. Nf2 axb3 25. axb3 Bxd3 26. Qxd3 Ra2 27. Bg5 Nh7 28. Qxg6
Nxg5 29. Qxg5 Rxf3 30. Ne4 Qf7 31. Qd8+ Qf8 32. Qxf8+ Rxf8 33. Rxf8+ Bxf8 34. g4
Bh6 35. Nf2 Bd2 0-1